|
|
|
|
| LEADER |
00000cam a2200000 7i4500 |
| 001 |
0000281237 |
| 005 |
20210209111755.0 |
| 020 |
|
|
|a 9789674608279
|
| 090 |
0 |
0 |
|a 615.1
|b BAT
|
| 100 |
1 |
|
|a Batchelder, Andrew
|
| 245 |
1 |
0 |
|a Farmakologi klinikal pantas :
|b formula pelajar
|c Andrew Batchelder, Charlene Rodrigues, Ziad Alrifai ; penyelia editorial Adrian G. Stanley ; penterjemah : Khairun Nain Nor Aripin, Nadia Mohd Effendy, Natasya Abdullah
|
| 260 |
|
|
|a Kuala Lumpur :
|b Institut Terjemahan & Buku Malaysia Berhad ,
|c 2019
|
| 300 |
|
|
|a 191p. ;
|c 23cm.
|
| 650 |
|
0 |
|a Clinical pharmacology
|
| 650 |
|
0 |
|a Drugs
|
| 650 |
|
0 |
|a Pharmaceutical services
|
| 700 |
0 |
|
|a Khairun Nain Nor Aripin
|
| 700 |
0 |
|
|a Nadia Mohd Effendy
|
| 700 |
0 |
|
|a Natasya Abdullah
|
| 700 |
1 |
|
|a Alrifai, Ziad
|
| 700 |
1 |
|
|a Rodrigues, Charlene
|
| 700 |
1 |
|
|a Stanley, Adrian G.
|
| 999 |
|
|
|a 00387357
|b BUKU
|c PINJAMAN
|e PERPUSTAKAAN KOMUNITI PETALING JAYA
|